Aurobindo (Record no. 16640)

MARC details
000 -LEADER
fixed length control field 00592nam a2200241 a 4500
020 ## - INTERNATIONAL STANDARD BOOK NUMBER
ISBN 9788170583080
082 00 - DEWEY DECIMAL CLASSIFICATION NUMBER
Classification number 181.45
Author Cutter AUR
100 ## - MAIN ENTRY--AUTHOR NAME
Author name Aurobindo,
245 ## - TITLE STATEMENT
Title Aurobindo
260 ## - PUBLICATION, DISTRIBUTION, ETC. (IMPRINT)
Place of publication Pandicherry
Name of publisher Sri Aurobindo Ashram
Year of publication 1993
300 ## - PHYSICAL DESCRIPTION
Number of Pages 401p
500 ## - GENERAL NOTE
General note includes index and biblioraphy
650 ## - SUBJECT ADDED ENTRY--TOPICAL TERM
Topical Term Yoga-Philosophy
650 ## - SUBJECT ADDED ENTRY--TOPICAL TERM
Topical Term Aurobindo-Yoga Philosophy
942 ## - ADDED ENTRY ELEMENTS (KOHA)
Koha item type Books
700 1# -
-- Aurobindo,
Holdings
Collection code Home library Current library Date acquired Cost, normal purchase price Full call number Accession Number Koha item type
  Henry Martyn Institute Library Henry Martyn Institute Library 02/18/2014 150.00 181.45 AUR 024269 Books
                   Copyright © 2026 | Henry Martyn Institute | Hyderabad | TS-500052 | INDIA | Implemented by hmi.edu.in
Hit-Count:

Powered by Koha